| 000 | 00560nam a2200205 a 4500 | ||
|---|---|---|---|
| 003 | AR-BaBNM | ||
| 005 | 20251128204002.0 | ||
| 008 | 082120s2002 ||||||||||||||000 | spa|| | ||
| 040 | _cAR-BaBNM | ||
| 245 | 0 | 0 | _aEl pino de San Lorenzo |
| 260 |
_aRosario _bAsociación Cultural Sanmartiniana de San Lorenzo _c1989 |
||
| 300 | _a48 p. | ||
| 650 | 4 | _aLITERATURA ARGENTINA | |
| 650 | 4 | _aHISTORIA ARGENTINA | |
| 650 | 4 | _aCOMBATE DE SAN LORENZO | |
| 650 | 4 | _aGRANADEROS A CABALLO | |
| 700 | 1 |
_aGaitán, Herminio _ecompilador |
|
| 942 | _cBK | ||
| 998 | _cMariana | ||
| 999 |
_c5717 _d5717 |
||